Statistics for Municipis de Catalunya en un mapa - Quiz

Click here to take the quiz!

General Stats

  • This quiz has been taken 693 times
  • The average score is 183 of 948

Answers on the Map

Answers color-coded by a green-red scale on the quiz's map according to % correct below.
 

Answer Stats

ComarcaMunicipi% Correct
BarcelonèsBarcelona
86%
GironèsGirona
81%
TarragonèsTarragona
81%
BarcelonèsBadalona
80%
SegriàLleida
80%
Vall d'AranLes
76%
Vallès OccidentalTerrassa
76%
MaresmeMataró
75%
Vallès OccidentalSabadell
74%
Baix LlobregatCastelldefels
73%
Barcelonèsl'Hospitalet de Llobregat
73%
BagesManresa
71%
OsonaVic
71%
GarrafSitges
70%
RipollèsRipoll
68%
Alt EmpordàRoses
68%
Baix Llobregatel Prat de Llobregat
67%
Baix CampReus
67%
BerguedàBerga
66%
SelvaBlanes
66%
Baix EbreTortosa
66%
GarrafVilanova i la Geltrú
66%
MontsiàAmposta
65%
GarrotxaOlot
65%
Vallès OccidentalSant Cugat del Vallès
65%
Vall d'AranViella i Mitjaran
65%
Alt EmpordàCadaqués
64%
Baix LlobregatGavà
64%
Alt PenedèsVilafranca del Penedès
64%
Vallès OrientalGranollers
63%
CerdanyaPuigcerdà
62%
Baix LlobregatViladecans
62%
Baix LlobregatCornellà de Llobregat
61%
BarcelonèsSanta Coloma de Gramenet
61%
MaresmeCalella
60%
Alt EmpordàFigueres
60%
AnoiaIgualada
60%
Alt Urgellla Seu d'Urgell
60%
Vallès OccidentalRubí
60%
Baix LlobregatSant Feliu de Llobregat
60%
Pla de l'EstanyBanyoles
59%
Vallès OccidentalCerdanyola del Vallès
59%
TarragonèsSalou
59%
SolsonèsSolsona
59%
SelvaLloret de Mar
58%
BarcelonèsSant Adrià de Besòs
58%
Pallars SobiràSort
58%
Baix CampCambrils
56%
Pallars JussàTremp
56%
Alt CampValls
56%
Baix LlobregatMartorell
55%
Vallès OccidentalMontcada i Reixac
55%
Baix LlobregatSant Boi de Llobregat
55%
MaresmeArenys de Mar
54%
CerdanyaLlívia
54%
Baix EmpordàSant Feliu de Guíxols
54%
Alt Empordàl'Escala
53%
SelvaSanta Coloma de Farners
53%
AnoiaCalaf
52%
Baix EmpordàCastell-Platja d'Aro
52%
Baix Penedèsel Vendrell
52%
Conca de BarberàMontblanc
52%
Alt EmpordàPortbou
52%
UrgellTàrrega
52%
MaresmeVilassar de Mar
52%
SegarraCervera
51%
Baix EbreDeltebre
51%
Baix LlobregatEsplugues de Llobregat
51%
Baix EmpordàPalafrugell
51%
Baix EmpordàPalamós
51%
NogueraBalaguer
50%
Ribera d'EbreMóra d'Ebre
50%
CerdanyaAlp
49%
PrioratFalset
49%
Baix LlobregatMolins de Rei
49%
GironèsSalt
49%
RipollèsCamprodon
48%
Alta Ribagorçael Pont de Suert
48%
MoianèsMoià
48%
MaresmeMontgat
48%
Baix LlobregatSant Just Desvern
48%
SelvaTossa de Mar
48%
OsonaManlleu
47%
Pla d'UrgellMollerussa
47%
Baix LlobregatSant Joan Despí
47%
TarragonèsTorredembarra
47%
Maresmeel Masnou
46%
Terra AltaGandesa
46%
Baix Ebrel'Ametlla de Mar
46%
Baix CampVandellòs i l'Hospitalet de l'Infant
46%
Vallès OccidentalBarberà del Vallès
45%
GarrafCubelles
45%
Garriguesles Borges Blanques
45%
MaresmeArenys de Munt
44%
Baix PenedèsCalafell
44%
Montsiàla Ràpita
44%
Vallès OrientalParets del Vallès
44%
MaresmePremià de Mar
44%
Vallès OccidentalRipollet
44%
Baix LlobregatSant Andreu de la Barca
44%
Baix EmpordàBegur
43%
Alt EmpordàCastelló d'Empúries
43%
Baix Empordàla Bisbal d'Empordà
43%
MontsiàAlcanar
42%
MaresmeCanet de Mar
42%
Alt EmpordàEl Port de la Selva
42%
Alt Empordàla Jonquera
42%
Vallès OrientalMollet del Vallès
42%
MaresmeSant Pol de Mar
42%
Alt PenedèsSant Sadurní d'Anoia
42%
MontsiàUlldecona
42%
MaresmeVilassar de Dalt
42%
Vallès OrientalCardedeu
41%
Alt EmpordàLlançà
41%
Vallès OccidentalSanta Perpètua de Mogoda
41%
Baix LlobregatSant Vicenç dels Horts
41%
Vallès OrientalCaldes de Montbui
40%
Vallès OccidentalCastellbisbal
40%
Vallès OccidentalMatadepera
40%
MaresmePineda de Mar
40%
TarragonèsVila-seca
40%
Baix PenedèsCunit
39%
Pallars Jussàla Pobla de Segur
39%
Baix LlobregatOlesa de Montserrat
39%
Baix EmpordàPals
39%
GarrafSant Pere de Ribes
39%
Vallès OccidentalSant Quirze del Vallès
39%
Baix EmpordàTorroella de Montgrí
39%
OsonaViladrau
38%
Baix LlobregatAbrera
37%
Vallès OccidentalBadia del Vallès
37%
MaresmeMalgrat de Mar
37%
Vallès OrientalMontmeló
37%
BagesCardona
36%
Baix LlobregatCervelló
36%
Baix LlobregatCorbera de Llobregat
36%
Vallès Orientalla Roca del Vallès
36%
RipollèsSant Joan de les Abadesses
36%
Alt EmpordàSant Pere Pescador
36%
OsonaTorelló
36%
Vallès OccidentalViladecavalls
36%
SegriàAlcarràs
35%
MaresmeAlella
35%
MaresmeArgentona
35%
GarrotxaBesalú
35%
Vallès OccidentalCastellar del Vallès
35%
Baix LlobregatEsparreguera
35%
Baix Ebrel'Ampolla
35%
SelvaMaçanet de la Selva
35%
Baix CampMont-roig del Camp
35%
MaresmePremià de Dalt
35%
SelvaArbúcies
34%
Vallès Orientalla Llagosta
34%
SelvaSils
34%
MaresmeTordera
34%
TarragonèsAltafulla
33%
MaresmeCabrera de Mar
33%
SelvaCaldes de Malavella
33%
Vallès OrientalCanovelles
33%
Baix Llobregatel Papiol
33%
Pallars SobiràEsterri d'Àneu
33%
Vallès Orientalla Garriga
33%
RipollèsRibes de Freser
33%
Baix LlobregatSanta Coloma de Cervelló
33%
Baix EmpordàSanta Cristina d'Aro
33%
MaresmeSanta Susanna
33%
Vallès OrientalSant Celoni
33%
Baix LlobregatSant Esteve Sesrovires
33%
Baix LlobregatVallirana
33%
UrgellAgramunt
32%
SelvaAnglès
32%
OsonaGurb
32%
Vallès Orientall'Ametlla del Vallès
32%
GironèsLlagostera
32%
Ribera d'EbreMóra la Nova
32%
Vallès OccidentalPalau-solità i Plegamans
32%
OsonaRupit i Pruit
32%
Baix LlobregatBegues
31%
MaresmeCabrils
31%
MaresmeCaldes d'Estrac
31%
SelvaHostalric
31%
Baix Penedèsla Bisbal del Penedès
31%
Alta Ribagorçala Vall de Boí
31%
Baix LlobregatPallejà
31%
MaresmeTiana
31%
Baix EmpordàUllà
31%
BagesArtés
30%
Ribera d'EbreAscó
30%
CerdanyaBellver de Cerdanya
30%
Baix EmpordàCalonge i Sant Antoni
30%
OsonaCentelles
30%
Ribera d'EbreFlix
30%
NogueraPonts
30%
OsonaPrats de Lluçanès
30%
MaresmeSant Andreu de Llavaneres
30%
RipollèsSetcases
30%
RipollèsCampdevànol
29%
Baix LlobregatCollbató
29%
Alt PenedèsGelida
29%
Montsiàla Sénia
29%
Conca de Barberàl'Espluga de Francolí
29%
Vallès OrientalLliçà d'Amunt
29%
Vallès OrientalLliçà de Vall
29%
Ribera d'EbreMiravet
29%
SelvaSant Hilari Sacalm
29%
SegriàAlfarràs
28%
Vallès OrientalLlinars del Vallès
28%
BagesMonistrol de Montserrat
28%
Vallès OrientalSant Feliu de Codines
28%
MontsiàSant Jaume d'Enveja
28%
OsonaTona
28%
Vallès OrientalAiguafreda
27%
Terra AltaBot
27%
GarrafCanyelles
27%
GarrotxaCastellfollit de la Roca
27%
MaresmeDosrius
27%
BerguedàGironella
27%
Terra AltaHorta de Sant Joan
27%
Baix CampPrades
27%
Vallès OrientalSanta Maria de Palautordera
27%
BagesSúria
27%
Vallès OccidentalVacarisses
27%
Alt CampAlcover
26%
BagesAvinyó
26%
BerguedàCastellar de n'Hug
26%
Baix Ebreel Perelló
26%
OsonaEspinelves
26%
SegarraGuissona
26%
Baix Llobregatla Palma de Cervelló
26%
OsonaLluçà
26%
SelvaMassanes
26%
GarrafOlivella
26%
Baix CampRiudoms
26%
TarragonèsRoda de Berà
26%
OsonaSant Hipòlit de Voltregà
26%
GironèsSarrià de Ter
26%
Ribera d'EbreTivissa
26%
Alt EmpordàVilafant
26%
SegriàAlguaire
25%
Vall d'AranBossòst
25%
Alt EmpordàColera
25%
Terra AltaCorbera d'Ebre
25%
GarriguesJuneda
25%
Baix Ebrel'Aldea
25%
Alt EmpordàPeralada
25%
AnoiaPiera
25%
Conca de BarberàSanta Coloma de Queralt
25%
Baix LlobregatSant Climent de Llobregat
25%
BagesSantpedor
25%
OsonaSant Quirze de Besora
25%
Alt EmpordàSiurana
25%
Conca de BarberàVimbodí i Poblet
25%
NogueraÀger
24%
SegriàAlmacelles
24%
GironèsCassà de la Selva
24%
TarragonèsConstantí
24%
Baix Campla Selva del Camp
24%
Vallès OrientalMontornès del Vallès
24%
MaresmePalafolls
24%
Pallars SobiràRialb
24%
OsonaRoda de Ter
24%
Vallès OrientalVilanova del Vallès
24%
OsonaVilanova de Sau
24%
Baix EbreXerta
24%
SelvaAmer
23%
Terra AltaBatea
23%
AnoiaCapellades
23%
Anoiael Bruc
23%
Pallars SobiràLlavorsí
23%
Baix EbreRoquetes
23%
GarrotxaSanta Pau
23%
Vallès OrientalSant Esteve de Palautordera
23%
OsonaTaradell
23%
Baix LlobregatTorrelles de Llobregat
23%
SegriàAlpicat
22%
BerguedàBagà
22%
GironèsCelrà
22%
Baix EmpordàCruïlles, Monells i Sant Sadurní de l'Heura
22%
GironèsFornells de la Selva
22%
Vallès Orientalles Franqueses del Vallès
22%
MaresmeÒrrius
22%
RipollèsQueralbs
22%
Ribera d'EbreRiba-roja d'Ebre
22%
Alt PenedèsSanta Margarida i els Monjos
22%
SegriàTorres de Segre
22%
SelvaVidreres
22%
SelvaBreda
21%
MoianèsCastellterçol
21%
TarragonèsCreixell
21%
Pallars SobiràEspot
21%
Pla d'UrgellIvars d'Urgell
21%
Osonales Masies de Voltregà
21%
Vallès OrientalMartorelles
21%
AnoiaMasquefa
21%
RipollèsMolló
21%
Vallès OrientalMontseny
21%
Alt UrgellOrganyà
21%
Alt EmpordàPau
21%
OsonaSant Martí de Centelles
21%
OsonaSeva
21%
SegriàTorrefarrera
21%
Baix EmpordàVulpellac, Fonteta i Peratallada
21%
SegriàAitona
20%
Vall d'AranAlt Aran
20%
NogueraArtesa de Segre
20%
UrgellBellpuig
20%
Baix EbreBenifallet
20%
Alt EmpordàCantallops
20%
Pla de l'EstanyCornellà del Terri
20%
Alt EmpordàEspolla
20%
Garriguesl'Albi
20%
Tarragonèsla Pobla de Mafumet
20%
Baix Penedèsl'Arboç
20%
GironèsMedinyà
20%
SolsonèsOdèn
20%
Alt UrgellOliana
20%
Vallès OccidentalPolinyà
20%
Baix CampRiudecanyes
20%
GironèsSant Julià de Ramis
20%
OsonaSant Pere de Torelló
20%
MaresmeSant Vicenç de Montalt
20%
AnoiaVilanova del Camí
20%
SelvaVilobí d'Onyar
20%
Pla d'UrgellBell-lloc d'Urgell
19%
GironèsBordils
19%
BagesCastellbell i el Vilar
19%
Ribera d'EbreGarcia
19%
Baix Camples Borges del Camp
19%
Osonal'Esquirol
19%
PrioratMarçà
19%
OsonaOlost
19%
OsonaOrís
19%
BerguedàPuig-reig
19%
SelvaRiudarenes
19%
SelvaRiudellots de la Selva
19%
OsonaSant Boi de Lluçanès
19%
BagesSant Joan de Vilatorrada
19%
OsonaSant Vicenç de Torelló
19%
MaresmeTeià
19%
Vallès OccidentalUllastrell
19%
BerguedàVilada
19%
Alta RibagorçaVilaller
19%
SegriàAlmenar
18%
Pallars SobiràAlt Àneu
18%
OsonaBalenyà
18%
GironèsBescanó
18%
OsonaFolgueroles
18%
CerdanyaGer
18%
Vallès OrientalGualba
18%
Ribera d'Ebrela Torre de l'Espanyol
18%
SegriàMassalcoreig
18%
BagesMura
18%
Alt PenedèsOlèrdola
18%
OsonaOristà
18%
NogueraOs de Balaguer
18%
BagesSallent
18%
MaresmeSant Cebrià de Vallalta
18%
BagesSant Fruitós de Bages
18%
OsonaSant Julià de Vilatorta
18%
SolsonèsSant Llorenç de Morunys
18%
Vallès OrientalSant Pere de Vilamajor
18%
BagesSant Vicenç de Castellet
18%
Vallès OrientalTagamanent
18%
Baix EmpordàUltramort
18%
NogueraVallfogona de Balaguer
18%
SegriàAlbatàrrec
17%
SegriàAlcoletge
17%
OsonaAlpens
17%
GarriguesArbeca
17%
Ribera d'EbreBenissanet
17%
PrioratCornudella de Montsant
17%
GironèsFlaçà
17%
BerguedàGósol
17%
AnoiaJorba
17%
Alt Penedèsla Granada
17%
Berguedàla Pobla de Lillet
17%
Alt EmpordàLladó
17%
Alt EmpordàMaçanet de Cabrenys
17%
BagesNavarcles
17%
AnoiaÒdena
17%
RipollèsPlanoles
17%
SelvaRiells i Viabrea
17%
Alt PenedèsSant Cugat Sesgarrigues
17%
Vallès OrientalSant Fost de Campsentelles
17%
Vallès OccidentalSentmenat
17%
SegriàSeròs
17%
Alt EmpordàAgullana
16%
Baix EbreCamarles
16%
Baix EmpordàCorçà
16%
Tarragonèsels Pallaresos
16%
SelvaFogars de la Selva
16%
SegriàGimenells i el Pla de la Font
16%
RipollèsGombrèn
16%
Tarragonèsla Canonja
16%
Terra Altala Fatarella
16%
Baix Empordàla Pera
16%
Garrotxala Vall d'en Bas
16%
Prioratla Vilella Baixa
16%
Pla d'UrgellLinyola
16%
Baix EmpordàPalau-sator
16%
PrioratPorrera
16%
OsonaSanta Eugènia de Berga
16%
Vallès OrientalSant Antoni de Vilamajor
16%
SegarraSant Guim de Freixenet
16%
MaresmeSant Iscle de Vallalta
16%
RipollèsSant Pau de Segúries
16%
SelvaSusqueda
16%
Alt EmpordàVilajuïga
16%
Alt EmpordàVilamalla
16%
Alt CampAiguamúrcia
15%
Alt EmpordàAlbanyà
15%
Pallars SobiràAlins
15%
SegriàAlmatret
15%
Vall d'AranCanejan
15%
CerdanyaDas
15%
Vallès Orientalel Figueró i Montmany
15%
Terra Altael Pinell de Brai
15%
PrioratGratallops
15%
Selvala Cellera de Ter
15%
Garriguesla Granadella
15%
Segriàla Granja d'Escarp
15%
Pallars Sobiràla Guingueta d'Àneu
15%
Prioratla Vilella Alta
15%
Garrotxales Preses
15%
CerdanyaMontellà i Martinet
15%
OsonaPerafita
15%
Baix CampRiudecols
15%
SegriàRosselló
15%
AnoiaSanta Margarida de Montbui
15%
OsonaSant Bartomeu del Grau
15%
SelvaSant Feliu de Buixalleu
15%
Pla d'UrgellSidamon
15%
SegriàSoses
15%
RipollèsToses
15%
PrioratUlldemolins
15%
Baix EmpordàVerges
15%
OsonaVidrà
15%
UrgellAnglesola
14%
Terra AltaArnes
14%
SegriàArtesa de Lleida
14%
Vallès OrientalBigues i Riells
14%
BerguedàCercs
14%
Tarragonèsel Morell
14%
Alt Campel Pla de Santa Maria
14%
BerguedàGisclareny
14%
BerguedàGuardiola de Berguedà
14%
UrgellGuimerà
14%
Pallars JussàIsona i Conca Dellà
14%
SegriàMaials
14%
MontsiàMasdenverge
14%
Baix CampMontbrió del Camp
14%
OsonaMontesquiu
14%
Baix EmpordàMont-ras
14%
SolsonèsNavès
14%
Vallès OrientalSanta Eulàlia de Ronçana
14%
MoianèsSanta Maria d'Oló
14%
BerguedàSant Jaume de Frontanyà
14%
Alt PenedèsSant Llorenç d'Hortons
14%
OsonaTavertet
14%
SegarraTorà
14%
RipollèsVallfogona de Ripollès
14%
Vallès OrientalVallgorguina
14%
UrgellVerdú
14%
Pallars JussàAbella de la Conca
13%
BagesAguilar de Segarra
13%
Baix EmpordàAlbons
13%
BagesBalsareny
13%
Vall d'AranBausen
13%
OsonaCalldetenes
13%
Baix LlobregatCastellví de Rosanes
13%
Alt UrgellColl de Nargó
13%
Tarragonèsel Catllar
13%
Anoiaels Hostalets de Pierola
13%
Garriguesla Floresta
13%
Anoiala Pobla de Claramunt
13%
Terra Altala Pobla de Massaluca
13%
Alt Empordàla Selva de Mar
13%
OsonaMuntanyola
13%
SelvaOsor
13%
Pla de l'EstanyPorqueres
13%
Baix CampPratdip
13%
GironèsQuart
13%
Vallès OccidentalRellinars
13%
OsonaSanta Maria de Besora
13%
BagesSant Feliu Sasserra
13%
Alt PenedèsSant Quintí de Mediona
13%
Pallars JussàTalarn
13%
Baix EmpordàUllastret
13%
NogueraAlgerri
12%
Vall d'AranArres
12%
Baix PenedèsBanyeres del Penedès
12%
Conca de BarberàBarberà de la Conca
12%
Baix EmpordàBellcaire d'Empordà
12%
CerdanyaBolvir
12%
Vallès OrientalCànoves i Samalús
12%
BerguedàCasserres
12%
AnoiaCastellolí
12%
Vall d'AranEs Bòrdes
12%
Prioratla Bisbal de Falset
12%
Garrotxala Vall de Bianya
12%
Osonales Masies de Roda
12%
RipollèsLlanars
12%
CerdanyaLles de Cerdanya
12%
OsonaMalla
12%
MontsiàMas de Barberans
12%
GarrotxaMontagut i Oix
12%
SegriàPuigverd de Lleida
12%
Ribera d'EbreRasquera
12%
MontsiàSanta Bàrbara
12%
OsonaSanta Cecília de Voltregà
12%
Baix PenedèsSant Jaume dels Domenys
12%
GironèsSant Jordi Desvalls
12%
Vallès OccidentalSant Llorenç Savall
12%
Alt PenedèsSant Pere de Riudebitlles
12%
Alt PenedèsTorrelles de Foix
12%
GironèsVilablareix
12%
Terra AltaVilalba dels Arcs
12%
SegriàVilanova de la Barca
12%
SegriàVilanova de Segrià
12%
GironèsAiguaviva
11%
NogueraAlbesa
11%
SegriàAlcanó
11%
NogueraAlòs de Balaguer
11%
Alt PenedèsAvinyonet del Penedès
11%
NogueraCamarasa
11%
Alt EmpordàCampmany
11%
Alt PenedèsCastellet i la Gornal
11%
Baix CampCastellvell del Camp
11%
MoianèsCollsuspina
11%
SegriàCorbins
11%
Alt EmpordàDarnius
11%
Pla d'Urgellel Palau d'Anglesola
11%
Ribera d'EbreGinestar
11%
NogueraIvars de Noguera
11%
Alt Campla Riba
11%
Alt Empordàl'Armentera
11%
Pallars SobiràLladorre
11%
SegriàMontoliu de Lleida
11%
Alt PenedèsOlesa de Bonesvalls
11%
Alt PenedèsPacs del Penedès
11%
Alt EmpordàPalau-saverdera
11%
Alt PenedèsPontons
11%
CerdanyaRiu de Cerdanya
11%
OsonaSanta Eulàlia de Riuprimer
11%
OsonaSant Sadurní d'Osormort
11%
SegriàSarroca de Lleida
11%
Alt PenedèsSubirats
11%
Pla d'UrgellTorregrossa
11%
GarrotxaTortellà
11%
Alt EmpordàViladamat
11%
Alt EmpordàVilamacolum
11%
Baix CampVilaplana
11%
Alt CampVila-rodona
11%
Pla d'UrgellVila-sana
11%
Baix EbreAldover
10%
SegriàAlfés
10%
Baix CampAlforja
10%
Alt UrgellArsèguel
10%
BerguedàAvià
10%
Alt EmpordàAvinyonet de Puigventós
10%
Baix PenedèsBellvei
10%
SegriàBenavent de Segrià
10%
MoianèsCalders
10%
Vallès OrientalCampins
10%
GironèsCampllong
10%
PrioratCapçanes
10%
SolsonèsClariana de Cardener
10%
Baix CampDuesaigües
10%
Bagesel Pont de Vilomara i Rocafort
10%
Prioratels Guiamets
10%
Vallès OrientalFogars de Montclús
10%
MontsiàFreginals
10%
Vallès OccidentalGallifa
10%
Pla d'UrgellGolmés
10%
Alt UrgellJosa i Tuixén
10%
Prioratla Figuera
10%
Montsiàla Galera
10%
Baix Campl'Albiol
10%
Ribera d'Ebrela Palma d'Ebre
10%
Alt Empordàla Vajol
10%
Moianèsl'Estany
10%
Alt Urgellles Valls de Valira
10%
Alt PenedèsMediona
10%
CerdanyaMeranges
10%
MoianèsMonistrol de Calders
10%
NogueraMontgai
10%
Baix EbrePaüls
10%
PrioratPoboleda
10%
BagesRajadell
10%
Baix EmpordàRegencós
10%
Pallars JussàSalàs de Pallars
10%
OsonaSant Agustí de Lluçanès
10%
Alt EmpordàSant Climent Sescebes
10%
GarrotxaSant Feliu de Pallerols
10%
SelvaSant Julià del Llor i Bonmatí
10%
OsonaSant Martí d'Albars
10%
Pallars JussàSenterada
10%
Pla de l'EstanySerinyà
10%
Conca de BarberàSolivella
10%
BagesTalamanca
10%
NogueraTérmens
10%
UrgellVallbona de les Monges
10%
Pallars SobiràVall de Cardós
10%
Baix EmpordàVall-llobrega
10%
Pla de l'EstanyVilademuls
10%
Vallès OrientalVilalba Sasserra
10%
RipollèsVilallonga de Ter
10%
Vall d'AranVilamòs
10%
Pla d'UrgellVilanova de Bellpuig
10%
Conca de BarberàVilanova de Prades
10%
GarriguesVinaixa
10%
Baix CampVinyols i els Arcs
10%
Baix PenedèsAlbinyana
9%
Baix CampAlmoster
9%
Pallars SobiràBaix Pallars
9%
Alt EmpordàBàscara
9%
NogueraBellcaire d'Urgell
9%
SegarraBiosca
9%
BerguedàBorredà
9%
PrioratCabassers
9%
Alt CampCabra del Camp
9%
BagesCallús
9%
GarriguesCastelldans
9%
Pallars JussàCastell de Mur
9%
BagesCastellgalí
9%
Segriàels Alamús
9%
Pla d'UrgellFondarella
9%
Alt EmpordàGarriguella
9%
MontsiàGodall
9%
Solsonèsla Coma i la Pedra
9%
Anoiala Llacuna
9%
Tarragonèsla Secuita
9%
Garriguesl'Espluga Calba
9%
SegriàLlardecans
9%
Alt EmpordàLlers
9%
Alt EmpordàMollet de Peralada
9%
Alt CampNulles
9%
RipollèsPardines
9%
SolsonèsPinós
9%
PrioratPradell de la Teixeta
9%
Terra AltaPrat de Comte
9%
CerdanyaPrats i Sansor
9%
Alt EmpordàRabós
9%
Pallars JussàSant Esteve de la Sarga
9%
GironèsSant Gregori
9%
GarrotxaSant Joan les Fonts
9%
Alt PenedèsSant Martí Sarroca
9%
AnoiaSant Martí Sesgueioles
9%
BagesSant Salvador de Guardiola
9%
SegriàSunyer
9%
OsonaTavèrnoles
9%
Baix EbreTivenys
9%
SegriàTorrebesses
9%
SegriàTorre-serona
9%
PrioratTorroja del Priorat
9%
Vallès OrientalVallromanes
9%
Conca de BarberàVilaverd
9%
Baix EbreAlfara de Carles
8%
GarrotxaArgelaguer
8%
SegriàAspa
8%
Pla d'UrgellBarbens
8%
Pla d'UrgellBellvís
8%
Alt EmpordàBoadella i les Escaules
8%
Baix CampBotarell
8%
Alt EmpordàCabanes
8%
AnoiaCalonge de Segarra
8%
Terra AltaCaseres
8%
BagesCastellfollit del Boix
8%
AnoiaCastellfollit de Riubregós
8%
Pla d'UrgellCastellnou de Seana
8%
NogueraCastelló de Farfanya
8%
Pallars JussàConca de Dalt
8%
Osonael Brull
8%
Prioratel Masroig
8%
Pla d'Urgellel Poal
8%
Alt Urgellel Pont de Bar
8%
Anoiaels Prats de Rei
8%
Pallars SobiràEsterri de Cardós
8%
Pallars SobiràFarrera
8%
CerdanyaFontanals de Cerdanya
8%
CerdanyaIsòvol
8%
Tarragonèsla Pobla de Montornès
8%
Baix Campl'Argentera
8%
Pallars Jussàla Torre de Cabdella
8%
Ripollèsles Llosses
8%
Garrotxales Planes d'Hostoles
8%
Baix PenedèsLlorenç del Penedès
8%
GironèsMadremanya
8%
UrgellMaldà
8%
PrioratMargalef
8%
Pla d'UrgellMiralcamp
8%
BagesNavars
8%
NogueraPenelles
8%
Alt EmpordàPontós
8%
UrgellPuigverd d'Agramunt
8%
Alt PenedèsSanta Fe del Penedès
8%
BerguedàSanta Maria de Merlès
8%
Baix PenedèsSanta Oliva
8%
SegarraSant Ramon
8%
Alt EmpordàSaus, Camallera i Llampaies
8%
OsonaSora
8%
Pallars SobiràSoriguera
8%
SegriàSudanell
8%
UrgellTornabous
8%
Baix EmpordàTorrent
8%
AnoiaVallbona d'Anoia
8%
Alt CampVilabella
8%
Alt EmpordàVilabertran
8%
Ribera d'EbreVinebre
8%
Baix CampArbolí
7%
AnoiaArgençola
7%
PrioratBellmunt del Priorat
7%
Alt CampBràfim
7%
SelvaBrunyola i Sant Martí Sapresa
7%
NogueraCabanabona
7%
AnoiaCabrera d'Anoia
7%
Baix CampCapafonts
7%
AnoiaCarme
7%
MoianèsCastellcir
7%
UrgellCastellserà
7%
GironèsCervià de Ter
7%
UrgellCiutadilla
7%
Prioratel Lloar
7%
Alt Campel Pont d'Armentera
7%
Garriguesel Soleràs
7%
Alt UrgellEstamariu
7%
BerguedàFígols
7%
Alt CampFiguerola del Camp
7%
BagesFonollosa
7%
Alt PenedèsFont-rubí
7%
CerdanyaGuils de Cerdanya
7%
GarriguesJuncosa
7%
Noguerala Baronia de Rialb
7%
Baix Campla Febró
7%
Garriguesl'Albagés
7%
Baix Campl'Aleixar
7%
Tarragonèsla Nou de Gaià
7%
Garriguesla Pobla de Cérvoles
7%
Segriàla Portella
7%
Tarragonèsla Riera de Gaià
7%
GironèsLlambilles
7%
Baix PenedèsMasllorenç
7%
Baix CampMaspujols
7%
NogueraMenàrguens
7%
Alt UrgellMontferrer i Castellbò
7%
Alt CampMontferri
7%
AnoiaMontmaneu
7%
Alt CampMont-ral
7%
Alt EmpordàNavata
7%
SolsonèsOlius
7%
Alt EmpordàPedret i Marzà
7%
Alt UrgellPeramola
7%
Alt EmpordàPont de Molins
7%
NogueraPreixens
7%
CerdanyaPrullans
7%
GarrotxaRiudaura
7%
Alt EmpordàRiumors
7%
AnoiaRubió
7%
BerguedàSaldes
7%
TarragonèsSalomó
7%
Vallès OrientalSanta Maria de Martorelles
7%
GironèsSant Andreu Salou
7%
Alt EmpordàSant Llorenç de la Muga
7%
GironèsSant Martí de Llémena
7%
AnoiaSant Martí de Tous
7%
BagesSant Mateu de Bages
7%
MoianèsSant Quirze Safaja
7%
Pallars JussàSarroca de Bellera
7%
Alt EmpordàTorroella de Fluvià
7%
CerdanyaUrús
7%
Conca de BarberàVallfogona de Riucorb
7%
NogueraVilanova de l'Aguda
7%
NogueraVilanova de Meià
7%
Baix CampVilanova d'Escornalbou
7%
UrgellBelianes
6%
NogueraBellmunt d'Urgell
6%
GarriguesBovera
6%
Alt UrgellCava
6%
GarriguesCervià de les Garrigues
6%
Baix CampColldejou
6%
AnoiaCopons
6%
Garriguesel Cogul
6%
Prioratel Molar
6%
Alt EmpordàFortià
6%
Alt EmpordàGarrigàs
6%
GarriguesGranyena de les Garrigues
6%
SolsonèsGuixers
6%
Baix EmpordàJafre
6%
GironèsJuià
6%
Urgellla Fuliola
6%
Prioratla Morera de Montsant
6%
Anoiala Torre de Claramunt
6%
Prioratla Torre de Fontaubella
6%
Noguerales Avellanes i Santa Linya
6%
Alt PenedèsLes Cabanyes
6%
SolsonèsLladurs
6%
Pallars JussàLlimiana
6%
SolsonèsLlobera
6%
BerguedàMontmajor
6%
UrgellNalec
6%
RipollèsOgassa
6%
Baix EmpordàParlavà
6%
Conca de BarberàPassanant i Belltall
6%
TarragonèsPerafort
6%
UrgellPreixana
6%
GarriguesPuiggròs
6%
Alt CampPuigpelat
6%
AnoiaPujalt
6%
Alt CampQuerol
6%
Alt UrgellRibera d'Urgellet
6%
Baix EmpordàRupià
6%
SegarraSanaüja
6%
GarrotxaSant Jaume de Llierca
6%
BerguedàSant Julià de Cerdanyola
6%
GironèsSant Martí Vell
6%
Alt EmpordàSant Miquel de Fluvià
6%
AnoiaSant Pere Sallavinera
6%
Conca de BarberàSarral
6%
OsonaSobremunt
6%
GarriguesTarrés
6%
Alt EmpordàTerrades
6%
Alt PenedèsTerrassola i Lavit
6%
Pallars SobiràTírvia
6%
NogueraTiurana
6%
NogueraTorrelameu
6%
Alt CampVallmoll
6%
AnoiaVeciana
6%
UrgellVilagrassa
6%
TarragonèsVilallonga del Camp
6%
Alt EmpordàVilamaniscle
6%
Alt PenedèsVilobí del Penedès
6%
Alt UrgellAlàs i Cerc
5%
Alt CampAlió
5%
Alt UrgellBassella
5%
GarriguesBellaguarda
5%
Conca de BarberàBlancafort
5%
Alt EmpordàBorrassà
5%
Alt UrgellCabó
5%
RipollèsCampelles
5%
BerguedàCapolat
5%
SolsonèsCastellar de la Ribera
5%
NogueraCubells
5%
Alt Campel Milà
5%
Baix Penedèsel Montmell
5%
Alt Campel Rourell
5%
Garriguesels Omellons
5%
Urgellels Omells de na Gaia
5%
Garriguesels Torms
5%
Pla de l'EstanyEsponellà
5%
Baix EmpordàFoixà
5%
NogueraForadada
5%
BagesGaià
5%
Baix EmpordàGualta
5%
Alt Campla Masó
5%
Berguedàla Nou de Berguedà
5%
Noguerala Sentiu de Sió
5%
Alt Urgellla Vansa i Fórnols
5%
BerguedàMontclar
5%
NogueraOliola
5%
BerguedàOlvan
5%
AnoiaOrpí
5%
UrgellOssó de Sió
5%
Pla de l'EstanyPalol de Revardit
5%
SolsonèsPinell de Solsonès
5%
Conca de BarberàPira
5%
Alt PenedèsPuigdàlber
5%
TarragonèsRenau
5%
Alt CampRodonyà
5%
GarrotxaSales de Llierca
5%
AnoiaSanta Maria de Miralles
5%
UrgellSant Martí de Riucorb
5%
Conca de BarberàSenan
5%
SegarraTalavera
5%
TarragonèsVespella de Gaià
5%
Alt EmpordàVila-sacra
5%
Alt EmpordàVilaür
5%
AnoiaBellprat
4%
GarrotxaBeuda
4%
Alt EmpordàBiure
4%
Baix PenedèsBonastre
4%
GironèsCanet d'Adri
4%
BerguedàCastell de l'Areny
4%
Alt PenedèsCastellví de la Marca
4%
Alt EmpordàCistella
4%
Baix EmpordàColomers
4%
Alt Empordàel Far d'Empordà
4%
Alt Penedèsel Pla del Penedès
4%
Alt Campels Garidells
4%
Garriguesel Vilosell
4%
SegarraEstaràs
4%
Alt UrgellFígols i Alinyà
4%
Baix EmpordàFontanilles
4%
GarriguesFulleda
4%
Baix EmpordàGarrigoles
4%
Pallars JussàGavet de la Conca
4%
MoianèsGranera
4%
Solsonèsla Molsosa
4%
Baix Empordàla Tallada d'Empordà
4%
Segarrales Oluges
4%
Alt Urgellles Valls d'Aguilar
4%
Conca de BarberàLlorac
4%
GarrotxaMaià de Montcal
4%
SegarraMontornès de Segarra
4%
Alt EmpordàPalau de Santa Eulàlia
4%
Conca de BarberàPontils
4%
SegarraRibera d'Ondara
4%
SolsonèsRiner
4%
Conca de BarberàRocafort de Queralt
4%
GironèsSant Joan de Mollet
4%
Baix EmpordàSerra de Daró
4%
SegarraTarroja de Segarra
4%
Alt EmpordàVilanant
4%
BerguedàViver i Serrateix
4%
Alt EmpordàCabanelles
3%
BerguedàCastellar del Riu
3%
BagesCastellnou de Bages
3%
Pla de l'EstanyCrespià
3%
Segarraels Plans de Sió
3%
Pla de l'EstanyFontcoberta
3%
SegarraGranyanella
3%
SegarraGranyena de Segarra
3%
SegarraIvorra
3%
Conca de Barberàles Piles
3%
BagesMarganell
3%
Alt EmpordàMasarac
3%
SegarraMassoteres
3%
GarrotxaMieres
3%
SegarraMontoliu de Segarra
3%
Alt EmpordàSanta Llogaia d'Àlguema
3%
GarrotxaSant Aniol de Finestres
3%
SegarraSant Guim de la Plana
3%
Pla de l'EstanySant Miquel de Campmajor
3%
SegarraTorrefeta i Florejacs
3%
BerguedàVallcebre
3%
Conca de BarberàVallclara
3%
Alt EmpordàVentalló
3%
GironèsViladasens
3%
Baix EmpordàVilopriu
3%
Pla de l'EstanyCamós
2%
Conca de BarberàForès
2%
Berguedàla Quar
2%
Berguedàl'Espunyola
2%
Alt EmpordàOrdis
2%
GarrotxaSant Ferriol
2%
Alt EmpordàSant Mori
2%
Conca de BarberàConesa
1%
BerguedàSagàs
1%
Conca de BarberàSavallà del Comtat
1%

Score Distribution

Percentile by Number Answered

Percent of People with Each Score

Your Score History

You have not taken this quiz